| 000 | 01634nam a22004337a 4500 | ||
|---|---|---|---|
| 001 | BR8500523 | ||
| 003 | BR-BrBNA | ||
| 005 | 20230928092046.0 | ||
| 007 | ta | ||
| 008 | 230509b bl.||||| |||| 00| 0 por d | ||
| 040 |
_aBR-BrBNA _bpor _cBiblioteca Nacional de Agricultura |
||
| 041 | _a(Por) | ||
| 072 |
_aE15; F00 _b0230 _b/G514 |
||
| 090 | _ 0230 BR8500523 | ||
| 100 | 1 | _aBatista, G.T. | |
| 100 | 1 | _aLima, A.M. de | |
| 100 | 1 | _aJardin, A.T. | |
| 100 | 1 | _aRudorff, B.F.T. | |
| 100 | 1 | _aMendonca, F.J. | |
| 100 | 1 | _aPinto, S. dos A.F. | |
| 100 | 1 | _aChen, S.C. | |
| 100 | 1 | _aDuarte, V. | |
| 110 | 1 | _aInstituto de Pesquisas Espaciais, Sao Jose dos Campos, SP (Brasil) | |
| 245 | 1 |
_aDesenvolvimento e teste de um sistema de fiscalizacao das operacoes de credito agricola ao nivel de municipio e de propriedades agricolas utilizando tecnicas de sensoriamento remoto [Aracatuba, Guararapes, Sao Paulo, cana de acucar, Brasil] _bINPE-3239-RPE/462 |
|
| 246 | 1 | _a[Development and testing of remote sensing techniques for supporting the rural credit supervision system at county and farm levels [Aracatuba, Guararapes, Sao Paulo, sugarcane, Brazil]] | |
| 260 | 3 |
_aSao Jose dos Campos, SP (Brasil): _c1984. |
|
| 300 | _a103 p. | ||
| 500 | _a6 illus.; 19 tables; 2 Maps (scale 1:250,000)Summaries (Eng, Por) | ||
| 650 | _aCREDITO AGRICOLA | ||
| 650 | _aCANA DE ACUCAR | ||
| 650 | _aSENSORIAMENTO REMOTO | ||
| 650 | _aARACATUBA | ||
| 650 | _aGUARARAPES | ||
| 650 | _aFOTOINTERPRETACAO | ||
| 650 | _aAEROFOTOGRAMETRIA | ||
| 650 | _aPROPRIEDADE RURAL | ||
| 909 |
_a202309 _bLucia _c55 _dLucia Elande |
||
| 942 | _cBK | ||
| 999 |
_c36936 _d36936 |
||